|
|
|
|
| LEADER |
00000naa2a2200000 4500 |
| 001 |
386306 |
| 005 |
20231101063450.0 |
| 035 |
|
|
|a (RuTPU)RU\TPU\prd\14974
|
| 090 |
|
|
|a 386306
|
| 100 |
|
|
|a 20030609a2003 k y0rusy50 ca
|
| 101 |
0 |
|
|a rus
|
| 102 |
|
|
|a UA
|
| 200 |
1 |
|
|a Использование инфракрасного излучения высокотемпературных технологических процессов
|f С. В. Шутов, Э. С. Аппазов
|
| 225 |
1 |
|
|a Краткие сообщения
|
| 320 |
|
|
|a Библиогр.: 6 назв.
|
| 461 |
|
1 |
|0 (RuTPU)RU\TPU\prd\1029
|x 0235-3482
|t Экотехнологии и ресурсосбережение
|o научно-технический журнал
|f Национальная академия наук Украины (НАНУ) ; Институт газа Украины
|d 1994-2008
|
| 463 |
|
1 |
|0 (RuTPU)RU\TPU\prd\14827
|t № 2
|v С. 75-77
|d 2003
|
| 610 |
1 |
|
|a неселективный спектр
|
| 610 |
1 |
|
|a инфракрасное излучение
|
| 610 |
1 |
|
|a высокотемпературные процессы
|
| 610 |
1 |
|
|a потери энергии
|
| 675 |
|
|
|a 66.085.1
|v 3
|
| 700 |
|
1 |
|a Шутов
|b С. В.
|
| 701 |
|
1 |
|a Аппазов
|b Э. С.
|
| 801 |
|
1 |
|a RU
|b 63413507
|c 20030609
|g PSBO
|
| 801 |
|
2 |
|a RU
|b 63413507
|c 20120412
|g PSBO
|
| 942 |
|
|
|c BK
|